Ức trai di tập: Dư địa chí
Dư địa chí là quyển thứ sáu trong Ức trai di tập. Đây được xem là "Tác phẩm địa lý đầy đủ đầu tiên của Việt Nam" được viết năm 1435. Trong tác phẩm này có rất nhiều dữ liệu lịch sử quý giá như địa danh, địa giới, sản vật, ngh...
محفوظ في:
| المؤلف الرئيسي: | |
|---|---|
| مؤلفون آخرون: | , |
| التنسيق: | كتاب |
| اللغة: | Vietnamese |
| منشور في: |
Tp. Hồ Chí Minh
Đại học quốc gia Tp. Hồ Chí Minh
2019
|
| الموضوعات: | |
| الوسوم: |
إضافة وسم
لا توجد وسوم, كن أول من يضع وسما على هذه التسجيلة!
|
| Thư viện lưu trữ: | Thư viện Trường Đại học Nam Cần Thơ |
|---|
| LEADER | 01368nam a22002177a 4500 | ||
|---|---|---|---|
| 001 | NCT_78020 | ||
| 008 | 200417b xxu||||| |||| 00| 0 vie d | ||
| 999 | |c 3803 |d 3803 | ||
| 020 | |a 9786047370412 |c 90000 | ||
| 082 | 0 | 4 | |2 23rd ed. |a 915.97 |b Tr103 |
| 100 | 1 | |a Nguyễn Trãi | |
| 245 | 1 | 0 | |a Ức trai di tập: |b Dư địa chí |c Nguyễn Trãi; Phan Duy Tiếp (dịch); Hà Văn Tấn (hiệu đính và chú thích) |
| 260 | |a Tp. Hồ Chí Minh |b Đại học quốc gia Tp. Hồ Chí Minh |c 2019 | ||
| 300 | |a 238 tr. |c 21cm | ||
| 520 | 3 | |a Dư địa chí là quyển thứ sáu trong Ức trai di tập. Đây được xem là "Tác phẩm địa lý đầy đủ đầu tiên của Việt Nam" được viết năm 1435. Trong tác phẩm này có rất nhiều dữ liệu lịch sử quý giá như địa danh, địa giới, sản vật, nghề nghiệp, hệ thống quan lại, chức vụ,... | |
| 653 | |a Tham khảo | ||
| 700 | 1 | |a Phan Duy Tiếp |e Dịch | |
| 700 | 1 | |a Hà Văn Tấn |e Hiệu đính và chú thích | |
| 942 | |2 ddc |c BK | ||
| 952 | |0 0 |1 0 |2 ddc |4 0 |6 915_970000000000000_TR103 |7 0 |9 19352 |a 000001 |b 000001 |d 2020-04-17 |o 915.97 Tr103 |p TK.02004 |r 2020-04-17 |v 90000.00 |w 2020-04-17 |y BK | ||
| 980 | |a Thư viện Trường Đại học Nam Cần Thơ | ||


